00802nab a2200217 uc450000100070000000500170000700800410002403500110006503500210007604000130009704100080011010000380011824501160015660000350027265000300030765000280033765000270036577301630039294200100055599900190056593199420240707085437.0050624s2005 spa  a931994 a(OCoLC)820325419 ccomduadb aspa10aBerg, Christian4auteaut940433110aEntre el "Dios-tapa-agujeros" y la "teoria del todo" una respuesta teista a las cuestiones limite en la ciencia 0aGodel, Kurtd1906-19789244823 aTodo (filosofía)930741 7aTeología2lemb932640 7aCreación2lemb915400 tPensamiento : Revista de Investigación e Información Filosófica (Madrid)gVolumen 61, Número 229, Enero-Abril 2005, p. 77-94w125459x0031-4749069984 cARIMP c354357d354357